Schválenie a rozdelenie výsledku hospodárenia - účtovný pohľad
Po zostavení účtovnej závierky musí účtovná jednotka zabezpečiť schválenie výsledku hospodárenia a rozhodnúť o jeho vysporiadaní. Napr. v roku 2021 musí rozhodnúť o výsledku hospodárenia, ktorý dosiahla za rok 2020. Účtovný výsledok hospodárenia sa účtuje na účte 431-Výsledok hospodárenia v schvaľov...
Enregistré dans:
| Auteur principal: | |
|---|---|
| Format: | Chapitre de livre |
| Langue: | slovaque |
| Sujets: | |
| Tags: |
Pas de tags, Soyez le premier à ajouter un tag!
|
MARC
| LEADER | 00000naa a2200000 4500 | ||
|---|---|---|---|
| 001 | 0278381 | ||
| 005 | 20210908203126.5 | ||
| 041 | 0 | |a slo | |
| 044 | |a SK | ||
| 245 | 1 | 0 | |a Schválenie a rozdelenie výsledku hospodárenia - účtovný pohľad |c Ľudmila Novotná |
| 520 | |a Po zostavení účtovnej závierky musí účtovná jednotka zabezpečiť schválenie výsledku hospodárenia a rozhodnúť o jeho vysporiadaní. Napr. v roku 2021 musí rozhodnúť o výsledku hospodárenia, ktorý dosiahla za rok 2020. Účtovný výsledok hospodárenia sa účtuje na účte 431-Výsledok hospodárenia v schvaľovaní. Akým spôsobom sa schvaľuje, rozdeľuje alebo vysporiada, je obsahom tohto príspevku. | ||
| 610 | 2 | 0 | |a jednotka účtovná |
| 610 | 2 | 0 | |a závierka účtovná |
| 610 | 2 | 0 | |a výsledok hospodársky |
| 610 | 2 | 0 | |a účtovanie |
| 100 | 1 | |a Novotná, Ľudmila | |